Most Populous U.S. State A-Z - Statistics

General Stats
  • This quiz has been taken 32 times
  • The average score is 18 of 19
Answer Stats
Hint Answer % Correct
F Florida
100%
N New York
100%
P Pennsylvania
100%
T Texas
100%
U Utah
100%
C California
97%
G Georgia
97%
H Hawaii
97%
O Ohio
97%
R Rhode Island
97%
I Illinois
93%
K Kentucky
93%
L Louisiana
93%
V Virginia
93%
A Arizona
90%
D Delaware
90%
W Washington
90%
M Michigan
87%
S South Carolina
87%
No matching quizzes found
Score Distribution
Percent of People with Each Score
Percentile by Number Answered
Your Score History
You have not taken this quiz